Miracles and parables of our Lord / (Record no. 19103)
[ view plain ]
| 000 -LEADER | |
|---|---|
| fixed length control field | 00791nam a2200193 4500 |
| 008 - FIXED-LENGTH DATA ELEMENTS--GENERAL INFORMATION | |
| fixed length control field | 040218s1988 us eng |
| 020 ## - INTERNATIONAL STANDARD BOOK NUMBER | |
| International Standard Book Number | 0801082919 |
| 090 ## - LOCALLY ASSIGNED LC-TYPE CALL NUMBER (OCLC); LOCAL CALL NUMBER (OCLC) | |
| Classification number (OCLC) (R) ; Classification number, CALL (RLIN) (NR) | BT366 |
| Local cutter number (OCLC) ; Book number/undivided call number, CALL (RLIN) | Sp9m |
| 100 1# - MAIN ENTRY--PERSONAL NAME | |
| Personal name | Spurgeon, Charles Haddon |
| 245 10 - TITLE STATEMENT | |
| Title | Miracles and parables of our Lord / |
| Statement of responsibility, etc | Charles Haddon Spurgeon. |
| 260 ## - PUBLICATION, DISTRIBUTION, ETC. (IMPRINT) | |
| Place of publication, distribution, etc | Michigan : |
| Name of publisher, distributor, etc | Baker, |
| Date of publication, distribution, etc | c1988. |
| 300 ## - PHYSICAL DESCRIPTION | |
| Extent | 3 volumes |
| 500 ## - GENERAL NOTE | |
| General note | Published earlier as part of a six-volume set : A Treasury of Spurgeon on the life and work of our Lord. |
| 505 0# - FORMATTED CONTENTS NOTE | |
| Formatted contents note | -v. 1: Miracles of our Lord, part I; -v.2: Miracles of our Lord, Part II; -v. 3: Parables of our Lord. |
| 600 14 - SUBJECT ADDED ENTRY--PERSONAL NAME | |
| Personal name | Jesus Christ |
| General subdivision | Miracles. |
| 600 14 - SUBJECT ADDED ENTRY--PERSONAL NAME | |
| Personal name | Jesus Christ |
| General subdivision | Parables. |
| 600 14 - SUBJECT ADDED ENTRY--PERSONAL NAME | |
| Personal name | Jesus Christ |
| General subdivision | Sermons. |
| 951 ## - EQUIVALENCE OR CROSS-REFERENCE-GEOGRAPHIC NAME/AREA NAME [OBSOLETE] [CAN/MARC only] | |
| General subdivision | 00005217 |
| 951 ## - EQUIVALENCE OR CROSS-REFERENCE-GEOGRAPHIC NAME/AREA NAME [OBSOLETE] [CAN/MARC only] | |
| -- | 11958 |
| -- | BT366/Sp9m-III |
| -- | 070613111340031 |
| -- | 2000-12-21 |
| -- | GC |
| Withdrawn status | Lost status | Damaged status | Not for loan | Home library | Current library | Shelving location | Date acquired | Accession number | Shelving control number | Total Checkouts | Full call number | Barcode | Date last seen | Price effective from | Koha item type |
|---|---|---|---|---|---|---|---|---|---|---|---|---|---|---|---|
| BSOP Library | BSOP Library | GC | 12/21/2000 | 11958 | 127 | BT366/Sp9m-III | 00005217 | 02/23/2013 | 02/23/2013 | Books |
